| Tag |
First Indicator |
Second Indicator |
Subfields |
| LEADER |
00000cam a22000005a 4500 |
| 001 |
in00000078265 |
| 005 |
20151008060712.0 |
| 008 |
800918s1980 nyua b 00000 eng d |
| 010 |
|
|
|a 80068004
|
| 020 |
|
|
|a 0883181606
|
| 035 |
|
|
|a (OCoLC)06728166
|
| 035 |
|
|
|9 AAJ6374AM
|
| 040 |
|
|
|a GSU
|c GSU
|d m.c.
|d TXA
|d UtOrBLW
|
| 049 |
|
|
|a TXAM
|c [1804368]
|
| 090 |
|
|
|a QD506.A1
|b A86
|
| 245 |
0 |
0 |
|a Aspects of the kinetics and dynamics of surface reactions :
|b (La Jolla Institute, 1979) /
|c edited by Uzi Landman.
|
| 264 |
|
1 |
|a New York :
|b American Institute of Physics,
|c 1980.
|
| 300 |
|
|
|a x, 343 pages :
|b illustrations ;
|c 25 cm.
|
| 336 |
|
|
|a text
|b txt
|2 rdacontent
|
| 337 |
|
|
|a unmediated
|b n
|2 rdamedia
|
| 338 |
|
|
|a volume
|b nc
|2 rdacarrier
|
| 490 |
1 |
|
|a AIP conference proceedings ; no. 61
|
| 500 |
|
|
|a "Workshop on 'The Physics of surfaces: aspects of the kinetics and dynamics of surface reaction,' supported by the La Jolla Institute and held at the University of California, San Diego, La Jolla, August 1-4, 1979."
|
| 504 |
|
|
|a Includes bibliographical references.
|
| 650 |
|
0 |
|a Surface chemistry
|v Congresses.
|
| 650 |
|
0 |
|a Chemical kinetics
|v Congresses.
|
| 700 |
1 |
|
|a Landman, Uzi.
|
| 830 |
|
0 |
|a AIP conference proceedings ;
|v no. 61.
|
| 999 |
|
|
|a MARS
|
| 999 |
f |
f |
|s e9daa27b-397f-30bd-81ad-490879a2e213
|i c22fbb57-6b33-3580-8670-2777e1296e72
|t 0
|
| 952 |
f |
f |
|p normal
|a Texas A&M University
|b College Station
|c Sterling C. Evans Library
|d Evans: Library Stacks
|t 0
|e QD506.A1 A86
|h Library of Congress classification
|i unmediated -- volume
|m A14806212709
|
| 998 |
f |
f |
|a QD506.A1 A86
|t 0
|l Evans: Library Stacks
|